ڿϢ |
| 索取号 |
K92/YRDZ
|
| 题名 |
ȴԴ뻷ѧ
|
| 作者 |
ʦѧȴԴ뻷ѧ༭
|
| 分册号 |
|
| 分册名 |
|
| 出版地 |
|
| 出版者 |
ȴԴ뻷ѧ༭
|
| 标准刊号 |
1673-7105
|
| 出版频率 |
|
| 中图法分类 |
K92
|
| 主题词 |
й
|
| 电子资源 | |
| |
|
| 000 | 00730nam0 2200193 450 | |
| 001 | 0935698046 | |
| 005 | 20090616104738.67 | |
| 011 | @a1673-7105@dCNY5.00(2008) | |
| 100 | @a20090616d km y0chiy0120 ea | |
| 101 | 0 | @achi |
| 102 | @aCN@b350000 | |
| 200 | 1 | @aȴԴ뻷ѧ@AYa Re Dai Zi Yuan Yu Huan Jing Xue Bao@fʦѧȴԴ뻷ѧ༭@FFu Jian Shi Fan Da Xue Ya Re Dai Zi Yuan Yu Huan Jing Xue Bao Bian Ji Bu |
| 210 | @a@cȴԴ뻷ѧ༭ | |
| 326 | @a | |
| 606 | 0 | @a@xй |
| 690 | @aK92@v4 | |
| 711 | 02 | @aʦѧȴԴ뻷ѧ༭@AFu Jian Shi Fan Da Xue Ya Re Dai Zi Yuan Yu Huan Jing Xue Bao Bian Ji Bu |
| 801 | 0 | @aCN@bNISOFT@c20090616 |
| 905 | @a10447@dK92@eYRDZ | |
| ȴԴ뻷ѧ/ʦѧȴԴ뻷ѧ༭.-ݣȴԴ뻷ѧ༭ |
| ISSN 1673-7105CNY5.00(2008) |
| ● |
| 相关链接: |
|
|
|
|